000 00674nam a2200205 i 4500
001 102363
003 ES-MaACL
005 20230906183108.0
007 t|
008 051110s1977 sp ||||1| spa d
100 1 _aMenna, Filiberto.
_980368
245 1 3 _aLa opción analítica en el arte moderno
_b: figuras e iconos /
_cFiliberto Menna; versión de Francesc Serra i Cantarell.
260 _aBarcelona :
_bGustavo Gili,
_c1977.
300 _a161 p. con 9 lám. :
_bil. ;
_c21 cm.
490 1 _aPunto y línea
700 1 _aSerra Cantarell, Francisco.
_9105625
830 0 _aPunto y línea
_9186464
852 _aES-MaACL
_jA-7617
_bR.96832
999 _c102363
_d102363